| 000 | 01355cam a22003857a 4500 | ||
|---|---|---|---|
| 003 | CHAP | ||
| 005 | 20220329142444.0 | ||
| 008 | 010312d1998 mx a r 00110 spa d | ||
| 010 | _a83743 | ||
| 011 | _a84715 | ||
| 020 | _a970180789 | ||
| 035 | _a95241 | ||
| 040 | _cCHAP | ||
| 082 | 0 | 4 |
_a635 _bA54 |
| 100 | 0 | 0 |
_aRomero Nápoles, Jesús _ecomp. _999636 |
| 245 | 1 | 0 |
_aPlagas y enfermedades de las hortalizas en México : _bantología _c/comp. por Jesús Romero Nápoles y Socorro Anaya Rosales |
| 260 |
_aMéxico, D. F. : _bDirección General de Educación Tecnológica Agropecuaria, _c1998. |
||
| 300 |
_a310 p. : _bilus. |
||
| 590 |
_aBATCH-UPD _b10 _c20130110 _lUCH01 _h0430 |
||
| 590 |
_aBATCH-UPD _b10 _c20130110 _lUCH01 _h2055 |
||
| 590 |
_aBATCH-UPD _b10 _c20130410 _lUCH01 _h0105 |
||
| 590 |
_aBATCH-UPD _b10 _c20130410 _lUCH01 _h1633 |
||
| 590 |
_aBATCH-UPD _b10 _c20130914 _lUCH01 _h1042 |
||
| 590 |
_aCONVERSION _b10 _c20130109 _lUCH01 _h1347 |
||
| 650 | 4 |
_aLegumbres _xEnfermedades. _965709 |
|
| 650 | 1 | 4 |
_aControl de plagas. _927595 |
| 650 | 1 | 4 |
_aInsectos _xIdentificación. _958929 |
| 650 | 1 | 4 |
_aLegumbres _xPlagas. _965768 |
| 650 | 1 | 4 |
_aPesticidas. _987536 |
| 700 | 0 |
_aAnaya Rosales, Jesus _ecomp. _95511 |
|
| 901 | _aBK | ||
| 905 | _aLilia Sánchez G. | ||
| 942 | _cLIBRO | ||
| 949 |
_a635 A54 _bBC _cLIBRO _d33724000817987 _eLIBRO _h99837 _i95241 _si |
||
| 999 |
_c83743 _d83743 |
||